Hansel & Gretel

Bibliographic Details
Other Authors: Guell, Fernando
Format: Book
Published: England : Peter Haddock Ltd , 2005
Series:Little star board books
Subjects:

MARC

LEADER 00000cam a2200000 7i4500
001 0000002151
005 20220105103934.0
008 071213
020 |a 0710507283 
090 0 0 |a JP   |b ENG (2350) 
245 1 0 |a Hansel & Gretel   |c Illustrated by Fernando Guell 
260 |a England :   |b Peter Haddock Ltd ,   |c 2005 
440 |a Little star board books 
500 |a Children age 4-6 years old (yellow) 
650 0 |a English fiction 
700 0 |a Guell, Fernando 
999 |a 0000965372   |b Book   |c Children Collection   |e Perbadanan Perpustakaan Awam Johor 
999 |a 0000965373   |b Book   |c Children Collection   |e Perbadanan Perpustakaan Awam Johor 
999 |a 0000965374   |b Book   |c Children Collection   |e Perbadanan Perpustakaan Awam Johor 
999 |a 0000965375   |b Book   |c Children Collection   |e Perbadanan Perpustakaan Awam Johor